000 00379nam a2200157Ia 4500
008 230312s9999||||xx |||||||||||||| ||und||
020 _a0-07-470257-2
082 _a658.8
_bMCC-S
100 _aMcColl,Rod
245 0 _aServices Marketing
260 _bMc Graw Hill
_aNew York
_c2000
300 _a532
546 _aEng.
650 _aManagement
_vMarketing Principles
942 _cBK
999 _c400
_d400